Theory and Practice of GST/ (Record no. 208005)

MARC details
000 -LEADER
fixed length control field 00645nam a22002057a 4500
005 - DATE AND TIME OF LATEST TRANSACTION
control field 20250103121209.0
010 ## - LCCN (DPL NO)
LC control number ENG-143193
020 ## - INTERNATIONAL STANDARD BOOK NUMBER
Terms of availability 200.00
035 ## - SYSTEM CONTROL NUMBER
System control number EN-126725
037 ## - SOURCE OF ACQUISITION
Source of stock number/acquisition DBAD
082 ## - DEWEY DECIMAL CLASSIFICATION NUMBER
Classification number 336.271
100 ## - MAIN ENTRY--PERSONAL NAME
Personal name Sudhakar, A.
245 ## - TITLE STATEMENT
Title Theory and Practice of GST/
Statement of responsibility, etc By A. Sudhakar; O. Bhavani [and] N. Moses
260 ## - PUBLICATION, DISTRIBUTION, ETC. (IMPRINT)
Place of publication, distribution, etc Indirapuram
Name of publisher, distributor, etc National Publishing Company
Date of publication, distribution, etc 2021
270 ## - ADDRESS
Address SRB-43A, Shipra Riviera, Gyan Khand-3
City Indirapuram
Postal code 201014
300 ## - PHYSICAL DESCRIPTION
Extent 189p.
Dimensions 23cm(pb)
700 ## - ADDED ENTRY--PERSONAL NAME
Personal name Bhavani, O.
Relator term Author
9 (RLIN) 75789
700 ## - ADDED ENTRY--PERSONAL NAME
Personal name Moses, N.
Relator term Author
9 (RLIN) 75790
942 ## - ADDED ENTRY ELEMENTS (KOHA)
Source of classification or shelving scheme Dewey Decimal Classification
Item type English Books
Classification part 336.271
Call number suffix SUD
Holdings
Withdrawn status Lost status Not for loan Collection code Home library Current library Date acquired Source of acquisition Cost, normal purchase price Full call number Barcode Copy number Cost, replacement price Koha item type
      Non-fiction D.B.Act.Division D.B.Act.Division 03/01/2025 Delivery of Books Division 200.00 336.271 SUD EN-126725 1 200.00 English Books

© Delhi Public Library
Hit Counter
free hit counter